000 00309cam a2200121ua 4500
999 _c12191
_d12191
082 _a664.028
_bDES/TH
100 _aNorman, W Desrosier .
_93086
245 _aTechnology of food preservation /
250 _a4 /
260 _aNew Delhi :
_bC B S Publishers & Distributers.
300 _a558 ; .
942 _cBK